000 00958nam a22002897a 4500
001 5808
003 FISKH
005 20250123094839.0
008 250123b cb ||||| |||| 00| 0 eng d
020 _a9781416995395
040 _aFISKH
_beng
_cFISKH
_dFISKH
050 _aPZ7.D28197
082 _a813.6
100 _aDavid, Erica
245 _aBe good, Bobos! /
_cAdapted by Erica David based on the screenplay " The Bobos' Mother's Day " ; written by Valerie Walsh ; Illustrated by Art Mawhinney
260 _aNew York :
_bSimon Spotlight,
_c2010.
300 _a22 unnumbered pages :
_bcolor illustrations ;
_c23 cm
490 _aReady to read
_vLevel 1
505 _aE
520 _aThe Bobos brothers want to be good for their mother.
521 8 _a200
_bLexile
521 8 _aE
_bRaz-Plus
650 _aBeginning Reader
_vAnimals
_xMonkeys
700 _aMawhinney, Art
_eillustrator
942 _2ddc
_cBK
_n0
999 _c5808
_d5808